000 00589nam a2200205Ia 4500
005 20250508162324.0
008 008 250505s9999 xx 000 0 eng d
020 _a0-02-376800-2
037 _aTextual
040 _aFEDL
_beng
_cFEDL
041 _aeng
_2eng
084 _a153.15, MAR
_qFEDL
100 _aMarx Melvin H. Ed.
245 0 _aFundamentals and applications of learning
260 _aNew York, USA
_bMacmillan Publishing Co.
_c1977
300 _a550p
700 _a Bunch Marion E. Ed.
_9772858
942 _cTEXL
_h153.15, MAR
999 _c1375832
_d1375832